<?xml version="1.0" encoding="UTF-8"?>
<collection xmlns="http://www.loc.gov/MARC21/slim">
 <record>
  <leader>00322pamaa2200121   4500</leader>
  <controlfield tag="001">0000051057</controlfield>
  <controlfield tag="005">20130305090000.0</controlfield>
  <controlfield tag="008">130906s2011                             eng  </controlfield>
  <datafield tag="022" ind1="0" ind2="0">
   <subfield code="a">00137758</subfield>
  </datafield>
  <datafield tag="245" ind1="0" ind2="4">
   <subfield code="a">The Engineer : </subfield>
   <subfield code="b">vol. 296, no. 3, 2011.</subfield>
  </datafield>
  <datafield tag="300" ind1=" " ind2=" ">
   <subfield code="a">28cm.</subfield>
  </datafield>
  <datafield tag="650" ind1="0" ind2="0">
   <subfield code="a">Engineering -- </subfield>
   <subfield code="x">periodical </subfield>
  </datafield>
  <datafield tag="901" ind1=" " ind2=" ">
   <subfield code="u">www.theengineer.co.uk</subfield>
  </datafield>
 </record>
</collection>
